000 00573nam a2200181Ia 4500
003 GCL
008 140319s9999 xx 000 0 ara d
040 _aGCL /
_cGCL
082 0 4 _a301.4
_bم هـ
100 1 _aمنظمة المدن العربية
245 1 0 _aالهجرة من الريف الى المدن فى الوطن العربى /
_cمنظمة المدن العربية
490 _a
650 0 4 _aالعالم العربى
650 0 4 _aالمدن
650 0 4 _aالهجرة الداخلية
650 0 4 _aالعمال المهاجرون
942 _2ddc
_cBK
999 _c37848
_d37848